[Event "Fuego en tablero"]
[Site "http://www.queenalice.com/game.php?id=1211649"]
[Date "2013.8.27"]
[Round "2"]
[White "umgeher"]
[Black "mrjoe"]
[Result "0-1"]
[WhiteElo "1670"]
[BlackElo "1754"]

1. c4 e5 2. Nc3 d6 3. Nf3 Nf6 4. d4 exd4 5. Qxd4 Nc6 6. Qd3 Be6 7. Nd4 Nb4 8.
Qe3 Qd7 9. a3 Nc6 10. Nxc6 Qxc6 11. b3 a6 12. a4 Rd8 13. f3 Be7 14. g4 d5 15.
Bh3 d4 16. Qe5 dxc3 17. Bf4 Bd6 18. Qg5 Bf8 19. O-O h6 20. Qe5 Bd6 21. Qe3 Bc5
0-1

[Event "AUTO-INT-3063"]
[Site "http://www.queenalice.com/game.php?id=1388647"]
[Date "2015.10.11"]
[Round "1"]
[White "Danado"]
[Black "umgeher"]
[Result "1/2-1/2"]
[WhiteElo "1667"]
[BlackElo "1636"]

1. Nc3 d5 2. d4 g6 3. Nf3 Bg7 4. e3 Nf6 5. h3 Nc6 6. Bb5 O-O 7. Bxc6 bxc6 8. Qe2
Ne4 9. Nxe4 dxe4 10. Nd2 Qd5 11. Qc4 Qg5 12. g3 Be6 13. Qxc6 Qd5 14. Qxd5 Bxd5
15. Rf1 Rfc8 16. c3 c5 17. Nb3 cxd4 18. Nxd4 Bc4 19. Rg1 Rc5 20. b3 Ba6 21. c4
e5 22. Ne2 Rd8 23. Nc3 Rd3 24. Na4 Rc6 25. Ke2 h5 26. Bb2 Bc8 27. g4 f6 28. Nc3
Rd8 29. Rad1 Rxd1 30. Nxd1 hxg4 31. hxg4 Ra6 32. a3 f5 33. gxf5 Bxf5 34. Nc3 Bf6
35. Nd5 Kf7 36. Nxf6 Rxf6 37. Bxe5 Re6 38. Bb2 a5 39. Rc1 g5 40. a4 Rh6 41. c5
g4 42. c6 Rh2 43. c7 g3 44. Be5 Rxf2+ 45. Ke1 Rf3 46. Kd2 g2 47. Bh2 Rf2+ 48.
Ke1 Rb2 49. c8=Q Bxc8 50. Rxc8 Rxb3 51. Kd2 Rb6 52. Rc2 Rh6 53. Bg1 Rd6+ 54. Kc1
Rg6 55. Kd2 Rg3 56. Rc1 Rf3 57. Ke2 Kf6 58. Rc6+ Kf5 59. Rc8 Kg4 60. Rg8+ Kh3
61. Rh8+ Kg3 62. Rg8+ Kh3 63. Rh8+ 1/2-1/2

[Event "AUTO-INT-3063"]
[Site "http://www.queenalice.com/game.php?id=1388648"]
[Date "2015.10.11"]
[Round "1"]
[White "umgeher"]
[Black "Danado"]
[Result "1-0"]
[WhiteElo "1623"]
[BlackElo "1605"]

1. e4 e5 2. Nf3 Nc6 3. c3 d6 4. d4 exd4 5. cxd4 Bg4 6. Qa4 Bxf3 7. gxf3 Qf6 8.
Bb5 Kd8 9. Be3 a6 10. Bxc6 bxc6 11. Qxc6 Rc8 12. e5 dxe5 13. Qd5+ Ke7 14. dxe5
Qe6 15. Bc5+ Ke8 16. Qxe6+ fxe6 17. Bxf8 Kxf8 18. Nd2 Nh6 19. O-O-O Kf7 20. Rhg1
Rhd8 21. Ne4 Rxd1+ 22. Kxd1 Rd8+ 23. Ke2 Nf5 24. Ng5+ Ke7 25. Nxh7 Rh8 26. Ng5
Rxh2 27. a3 Rh5 28. a4 Nh6 29. b4 Nf7 30. Nxf7 Kxf7 31. f4 Rh3 32. Rc1 Rh4 33.
Rxc7+ Kg6 34. b5 axb5 35. axb5 Rh8 36. Rb7 Rc8 37. b6 Rc3 38. Rc7 Rb3 39. b7 Kf5
40. Rf7+ Kg6 41. Re7 Kf5 42. Rxg7 Rb4 43. Kd3 1-0

[Event "AUTO-INT-3063"]
[Site "http://www.queenalice.com/game.php?id=1388673"]
[Date "2015.10.11"]
[Round "1"]
[White "vangogh"]
[Black "umgeher"]
[Result "0-1"]
[WhiteElo "1494"]
[BlackElo "1612"]

1. e4 g6 2. d4 d5 3. e5 Bf5 4. Nc3 e6 5. a3 c5 6. h3 h5 7. Nf3 a6 8. Bd3 cxd4 9.
Nxd4 Bxd3 10. Qxd3 Nc6 11. Nxc6 bxc6 12. O-O Nh6 13. Be3 Bg7 14. f4 O-O 15. Qd4
Nf5 16. Qd2 Ng3 17. Rf3 Ne4 18. Qe1 Nxc3 19. Qxc3 Qh4 20. Qxc6 Rfc8 21. Qa4 Rc4
22. b4 d4 23. Qb3 Rc3 24. Qa4 dxe3 25. b5 a5 26. Qe4 Rb8 27. Qa4 Ra8 28. b6 Qd8
29. Rb1 Bf8 30. b7 Rb8 31. Qe4 Qd2 32. Qa4 Rxc2 33. Rff1 Qxg2# 0-1

[Event "AUTO-INT-3063"]
[Site "http://www.queenalice.com/game.php?id=1388674"]
[Date "2015.10.11"]
[Round "1"]
[White "umgeher"]
[Black "vangogh"]
[Result "1-0"]
[WhiteElo "1577"]
[BlackElo "1535"]

1. e4 e5 2. Nc3 Nc6 3. g3 Bb4 4. Qf3 Nf6 5. Bc4 Nd4 6. Qd3 d6 7. Na4 c5 8. c3
Qa5 9. cxb4 Qxa4 10. bxc5 Nc2+ 11. Ke2 Nxa1 12. Bb5+ Qxb5 13. Qxb5+ Kd8 14. cxd6
Nxe4 15. Nf3 Bg4 16. Qxb7 Rc8 17. Qe7# 1-0

[Event "AUTO-OPEN-3556"]
[Site "http://www.queenalice.com/game.php?id=1388993"]
[Date "2015.10.13"]
[Round "1"]
[White "NickThorp"]
[Black "umgeher"]
[Result "1-0"]
[WhiteElo "1713"]
[BlackElo "1624"]

1. e4 Nc6 2. Nf3 g6 3. Bb5 Bg7 4. O-O Nf6 5. d3 a6 6. Ba4 b5 7. Bb3 O-O 8. Bg5
d5 9. exd5 Na5 10. c4 bxc4 11. dxc4 Nxb3 12. Qxb3 Ne4 13. Be3 Bg4 14. Nbd2 Nxd2
15. Bxd2 Rb8 16. Qa4 Rxb2 17. Bc1 Re2 18. Nd4 Re5 19. Nc6 Qd7 20. Qxa6 Re2 21.
Be3 Bxa1 22. Rxa1 Qd6 23. h3 Bf5 24. Kf1 Bd3 25. Kg1 Qf6 26. Rd1 Bc2 27. Rf1 1-0

[Event "AUTO-OPEN-3556"]
[Site "http://www.queenalice.com/game.php?id=1388994"]
[Date "2015.10.13"]
[Round "1"]
[White "umgeher"]
[Black "NickThorp"]
[Result "0-1"]
[WhiteElo "1637"]
[BlackElo "1700"]

1. e4 e5 2. d4 exd4 3. Qxd4 Nc6 4. Qe3 d6 5. Nc3 Be6 6. h3 Nf6 7. Nf3 h6 8. Bd3
Be7 9. O-O O-O 10. Bd2 a6 11. e5 dxe5 12. Nxe5 Nxe5 13. Qxe5 Bd6 14. Qd4 Bh2+
15. Kxh2 Qxd4 16. Be3 Qd6+ 17. g3 b5 18. Ne4 Nxe4 19. Bxe4 Bd5 20. Rad1 c6 21.
Bf4 Qc5 22. c3 Bxe4 23. Rd4 Bd5 24. a3 a5 25. Rfd1 g5 26. Bc7 a4 0-1

[Event "AUTO-OPEN-3556"]
[Site "http://www.queenalice.com/game.php?id=1389019"]
[Date "2015.10.13"]
[Round "1"]
[White "reycas"]
[Black "umgeher"]
[Result "1-0"]
[WhiteElo "2148"]
[BlackElo "1638"]

1. e4 Nc6 2. d4 e5 3. d5 Nd4 4. c3 Ne6 5. dxe6 dxe6 6. Bd3 Nf6 7. Nf3 g6 8. Nxe5
Qe7 9. Bg5 Bg7 10. Nf3 Qd7 11. Kd2 Nxe4+ 12. Ke2 Nc5 13. Bc2 Qb5+ 14. Ke1 O-O
15. b3 Na6 16. Bd3 Qd5 17. Bxa6 Qxd1+ 18. Kxd1 bxa6 19. Kc2 e5 20. Nbd2 Bf5+ 21.
Kb2 e4 22. Nh4 h6 23. Be3 Rad8 24. Nxf5 gxf5 25. Rac1 Kh7 26. h3 Bf6 27. g4 Bg5
28. Rcd1 Bxe3 29. fxe3 fxg4 30. hxg4 Rg8 31. Nxe4 Rxd1 32. Rxd1 Rg6 33. Rd7 Kg7
34. Nf2 Rf6 35. Nd3 Kg6 36. Rxc7 Kg5 37. Ne5 Re6 38. Rc5 f6 39. Nc6+ Kxg4 40.
Rc4+ Kg3 41. e4 h5 42. Nd4 Re5 43. Rc6 h4 44. Rxf6 Rxe4 45. Nf5+ Kh2 46. Nxh4
Rxh4 47. Rxa6 1-0

[Event "AUTO-OPEN-3556"]
[Site "http://www.queenalice.com/game.php?id=1389020"]
[Date "2015.10.13"]
[Round "1"]
[White "umgeher"]
[Black "reycas"]
[Result "0-1"]
[WhiteElo "1614"]
[BlackElo "2185"]

1. e4 Nf6 2. Nc3 e5 3. d4 Nc6 4. dxe5 Nxe5 5. h3 Bb4 6. Nf3 Nxf3+ 7. Qxf3 d6 8.
Bg5 Qe7 9. Bd3 c6 10. O-O h6 11. Bxf6 gxf6 12. a3 Bxc3 13. bxc3 Be6 14. Rab1
O-O-O 15. Qe3 c5 16. c4 Rdg8 17. Rb5 Qd7 18. g3 Bxh3 19. Rfb1 h5 20. f4 h4 21.
Kf2 Rxg3 22. Qe1 Qg4 23. Qh1 Qxf4+ 24. Ke2 Qe3+ 25. Kd1 Bg4+ 26. Be2 Bxe2+ 27.
Ke1 Bf3+ 0-1

[Event "AUTO-OPEN-3556"]
[Site "http://www.queenalice.com/game.php?id=1389037"]
[Date "2015.10.13"]
[Round "1"]
[White "umgeher"]
[Black "Betim_Xadrez"]
[Result "0-1"]
[WhiteElo "1591"]
[BlackElo "1822"]

1. e4 e5 2. Nc3 Nf6 3. d4 exd4 4. Qxd4 Nc6 5. Qe3 Bb4 6. Nf3 O-O 7. a3 Ba5 8.
Qe2 Bxc3+ 9. bxc3 Nxe4 10. Qxe4 Re8 11. Qxe8+ Qxe8+ 12. Be3 Ne5 13. Nxe5 Qxe5
14. O-O-O Qxc3 15. Bd3 Qxa3+ 16. Kd2 a5 17. Ke2 d5 18. Ra1 Qe7 19. Rhb1 d4 20.
Rb5 dxe3 21. fxe3 Bg4+ 22. Kd2 b6 23. Ra4 h5 0-1

[Event "AUTO-OPEN-3556"]
[Site "http://www.queenalice.com/game.php?id=1389038"]
[Date "2015.10.13"]
[Round "1"]
[White "Betim_Xadrez"]
[Black "umgeher"]
[Result "1-0"]
[WhiteElo "1829"]
[BlackElo "1584"]

1. e4 e5 2. Nf3 Nc6 3. Bb5 Nd4 4. Nxd4 exd4 5. O-O c6 6. Bc4 d5 7. exd5 Nf6 8.
dxc6 bxc6 9. d3 g6 10. c3 Bc5 11. Bg5 dxc3 12. Nxc3 O-O 13. Qf3 Be7 14. Qxc6 Be6
15. Bxe6 fxe6 16. Qxe6+ Rf7 17. Rad1 Qb6 18. Qxb6 axb6 19. Rfe1 Rd8 20. Rxe7 Kg7
21. Bxf6+ Kxf6 22. Rxf7+ Kxf7 23. h4 Rd4 24. Ne4 1-0

[Event "Let's Play Chess!"]
[Site "http://www.queenalice.com/game.php?id=1389608"]
[Date "2015.10.17"]
[Round "-"]
[White "ajr"]
[Black "umgeher"]
[Result "1-0"]
[WhiteElo "1488"]
[BlackElo "1612"]

1. Nf3 g6 2. Nc3 Bg7 3. d4 Nf6 4. e4 d5 5. e5 Ne4 6. Qd3 Nxc3 7. Qxc3 Bf5 8. h3
O-O 9. Bd3 a5 10. O-O Bxd3 11. Qxd3 Nc6 12. Qb3 a4 13. Qxb7 Na5 14. Qb5 Nc4 15.
b3 c6 16. Qxc6 Qa5 17. bxc4 1-0

[Event "Challenge"]
[Site "http://www.queenalice.com/game.php?id=1389626"]
[Date "2015.10.18"]
[Round "-"]
[White "belzinha"]
[Black "umgeher"]
[Result "1-0"]
[WhiteElo "1563"]
[BlackElo "1578"]

1. e4 g6 2. d4 Nc6 3. d5 Ne5 4. Nf3 Nxf3+ 5. Qxf3 Bg7 6. Nc3 d6 7. Bb5+ Bd7 8.
Bxd7+ Qxd7 9. O-O Nf6 10. Bg5 O-O 11. Rfe1 c6 12. dxc6 1-0

[Event "OS INCLIVES"]
[Site "http://www.queenalice.com/game.php?id=1389885"]
[Date "2015.10.19"]
[Round "-"]
[White "adelio"]
[Black "umgeher"]
[Result "1-0"]
[WhiteElo "1605"]
[BlackElo "1531"]

1. d4 Nf6 2. c4 d5 3. Nc3 dxc4 4. e4 Nc6 5. Be3 Ng4 6. Bxc4 Nxe3 7. Bxf7+ Kxf7
8. fxe3 Kg8 9. Qb3+ e6 10. O-O-O Na5 11. Qa4 b6 12. Qc2 Qg5 13. Re1 g6 14. Nf3
Qf6 15. h4 Kg7 16. e5 Qf5 17. e4 Qf4+ 18. Nd2 Nc4 19. Re2 Ne3 20. Qd3 Nxg2 21.
Rxg2 Bb4 22. Qc4 Bxc3 23. Qxc7+ Kh6 24. Qxc3 Ba6 25. Kb1 Rhc8 26. Qg3 Qxg3 27.
Rxg3 Be2 28. Nf3 Bd3+ 29. Ka1 Bxe4 30. Rhg1 Bxf3 31. Rxf3 Rc4 32. Rd1 Rd8 33.
Rf4 Kh5 34. Rg1 Rcxd4 35. Rff1 Rxh4 36. a3 Rd5 37. Rf7 Kh6 38. Rxa7 Rxe5 39. Rc1
Rc5 40. Re1 e5 41. Re7 Rh5 42. a4 b5 43. a5 b4 44. Ra7 Rh2 45. Ka2 g5 46. Kb3
Rh4 47. a6 Rd4 48. Rb7 Ra5 49. a7 g4 50. Rxe5 Ra1 51. Re8 g3 52. Rg8 Rd3+ 53.
Kxb4 1-0

[Event "OS INCLIVES"]
[Site "http://www.queenalice.com/game.php?id=1389921"]
[Date "2015.10.19"]
[Round "-"]
[White "umgeher"]
[Black "adelio"]
[Result "0-1"]
[WhiteElo "1561"]
[BlackElo "1501"]

1. e4 a6 2. Nc3 c5 3. d4 e6 4. Nf3 Be7 5. d5 d6 6. Be3 e5 7. Be2 h5 8. O-O h4 9.
Bg5 Bxg5 10. h3 Nd7 11. Nxg5 Qxg5 12. Bg4 Nh6 13. Bxd7+ Bxd7 14. Qd3 c4 15. Qe3
Qd8 16. b3 cxb3 17. axb3 f5 18. exf5 Nxf5 19. Qf3 Nd4 20. Qe4 Bf5 21. Qe1 Nxc2
22. Qe2 Nxa1 23. Rxa1 Qg5 24. Ne4 Qg6 25. Qf3 Bxe4 26. Qg4 Rh6 27. f3 Bxd5 28.
b4 b5 29. Rc1 Bc4 30. Rxc4 bxc4 31. Qxc4 Qb1+ 32. Kh2 Rh8 33. Qc6+ Ke7 34. Qb7+
Kf6 35. Qe4 Qxe4 36. fxe4 Rab8 0-1

[Event "OS INCLIVES"]
[Site "http://www.queenalice.com/game.php?id=1394224"]
[Date "2015.11.15"]
[Round "-"]
[White "adelio"]
[Black "umgeher"]
[Result "1-0"]
[WhiteElo "1633"]
[BlackElo "1543"]

1. d4 Nf6 2. c4 Nc6 3. Nc3 e6 4. e4 d6 5. Be2 d5 6. e5 Ne4 7. Nxe4 dxe4 8. a3
Nxd4 9. Be3 Nxe2 10. Nxe2 Qd3 11. O-O Qxc4 12. Nf4 g6 13. Rc1 Qb5 14. Rxc7 Qxe5
15. Qa4+ Kd8 16. Rfc1 Bd6 17. Qd1 Bd7 18. g3 Bxc7 19. Bd4 Qd6 20. Bf6+ Kc8 21.
Qxd6 1-0

[Event "Challenge"]
[Site "http://www.queenalice.com/game.php?id=1462951"]
[Date "2017.2.5"]
[Round "-"]
[White "betanio"]
[Black "umgeher"]
[Result "1-0"]
[WhiteElo "2453"]
[BlackElo "1518"]

1. e4 f5 2. d4 e6 3. Nc3 c6 4. exf5 exf5 5. Nf3 d6 6. Bd3 Qe7+ 7. Ne2 Nf6 8. O-O
b5 9. Re1 Ne4 10. Ng3 d5 11. Bg5 Nxg5 12. Nxg5 1-0